Famous Arsenal Fans - Statistics

General Stats
  • This quiz has been taken 56 times
  • The average score is 24 of 76
Answer Stats
Name % Correct
British Queen from 1952 to 2022 Elizabeth II
98%
Lead vocalist of Coldplay Chris Martin
65%
Actor, "Luther" "The Wire" "Beasts of No Nation" Idris Elba
65%
Barbadian singer, "Umbrella" "Diamonds" "Work" Rihanna
65%
Actor, "Sherlock" "Doctor Strange" "The Imitation Game" Benedict Cumberbatch
64%
Actor best known for his role as Dr, Gregory House on "House" Hugh Laurie
62%
Frontman and singer of The Rolling Stones Mick Jagger
62%
American actor, "Dances with Wolves" "The Bodyguard" "The Untouchables" Kevin Costner
60%
Actor who won the Academy Award for Best Actor for his portrayal of King George VI in "The King's Speech" Colin Firth
58%
Singer and winner of The X Factor in 2006, "Bleeding Love" "Run" Leona Lewis
56%
Leader of Cuba from 1959 to 2008 Fidel Castro
53%
Formula One racing driver for Mercedes and winner of seven Championship titles Lewis Hamilton
51%
Saudi-Arabian founder and leader of al-Qaeda from 1988 until 2011 Osama bin Laden
51%
American actor best known for his role as Ross Geller in "Friends" David Schwimmer
47%
Singer, her song "Thank You" is sampled by Eminem in "Stan" Dido
47%
American actor, "Collateral" "Ray" "Django Unchained" Jamie Foxx
47%
American rapper who became the first hip-hop billionaire Jay-Z
47%
Former co-presenter of "Good Morning Britain", host of an ITV and CNN talk show and judge on "America's Got Talent" and "Britain's Got Talent" Piers Morgan
47%
Actor best known for his work on "Little Britain" and presenter of "The Great British Bake Off" from 2020 to 2023 Matt Lucas
45%
American actor, "It's Always Sunny in Philadelphia" "Matilda" "Batman Returns" Danny DeVito
44%
Actor, "The Social Network" "The Amazing Spider-Man" "Hacksaw Ridge" Andrew Garfield
42%
American actress, "Ghost" "A Few Good Men" "Striptease" Demi Moore
42%
American actor best known for his role as Jack Shephard in "Lost" Matthew Fox
42%
American director, "Malcolm X" "BlacKkKlansman" "Do the Right Thing" Spike Lee
42%
Tennis player and winner of Wimbledon and the US Open Andy Murray
40%
Actor best known for his roles as Gollum in "The Lord of the Rings" and Caesar in "The Planet of the Apes" Andy Serkis
40%
Actor best known as Gandalf in "The Lord of the Rings" Ian McKellen
38%
Actor, "The Batman" "Twilight" "Harry Potter and the Goblet of Fire" Robert Pattinson
38%
World number one snooker player Ronnie O'Sullivan
38%
American actor, "Top Gun" "Heat" "Batman Forever" Val Kilmer
38%
Chef who became famous through his series "The Naked Chef" Jamie Oliver
36%
Leader of the Opposition and Leader of the Labour Party from 2015 to 2020 Jeremy Corbyn
35%
American director, "Bowling for Columbine" "Fahrenheit 9/11" "Sicko" Michael Moore
35%
Most succesful male track distance runner ever Mo Farah
35%
Actor best known for his role as Draco Malfoy in "Harry Potter" Tom Felton
35%
Leader of the Opposition and Leader of the Labour Party since 2020 Keir Starmer
33%
Former racing cyclist and only rider to win the Tour de France and Olympic Gold in the same year Bradley Wiggins
29%
Co-founder and former co-lead vocalist of Pink Floyd Roger Waters
27%
Director, "Skyfall" "American Beauty" "1917" Sam Mendes
27%
Actor best known for his role as Theon Greyjoy in "Game of Thrones" Alfie Allen
25%
German former basketball player who played for the Dallas Mavericks Dirk Nowitzki
25%
President of France from 2012 to 2017 François Hollande
25%
Greek basketball player who plays for the Milwaukee Bucks Giannis Antetokounmpo
25%
Actor who rose to prominence for his role in "Billy Elliot" Jamie Bell
25%
American basketball player who plays for the Boston Celtics Jaylen Brown
25%
Racing cyclist and first Welshman to win the Tour de France Geraint Thomas
24%
Actress best known for role as Rey in the "Star Wars" sequels Daisy Ridley
22%
Singer, "Rather Be" "My Love" "These Days" Jess Glynne
22%
Writer, "About a Boy" "High Fidelity" Nick Hornby
22%
Actor, "Get Out" "Judas and the Black Messiah" "Black Panther" Daniel Kaluuya
20%
Deputy Prime Minister of the UK from 2010 to 2015 Nick Clegg
20%
American basketball player who plays for the Philadelphia 76ers Joel Embiid
18%
Singer best knwon for his song "Let Her Go" Passenger
16%
American former basketball player who played most notably for the Denver Nuggets and New York Knicks Carmelo Anthony
15%
American NFL running back who plays for the San Francisco 49ers Christian McCaffrey
15%
Swedish co-founder and CEO of Spotify Daniel Ek
15%
Former NFL running back who played for the Miami Dolphins and Philadelphia Eagles (he was born in London) Jay Ajayi
15%
American actress, "House of Cards" "Fantastic Four" "The Martian" Kate Mara
15%
Actor, "Kingsman" "Shazam!" "Green Lantern" Mark Strong
15%
Actor best known for playing the title character in "Lucifer" Tom Ellis
15%
Actor, "The Maze Runner" "Midsommar" "Guardians of the Galaxy Vol. 3" Will Poulter
15%
Actor, "Hugo" "Sex Education" "Ender's Game" Asa Butterfield
13%
American actor best known for his roles as Wesley Crusher in "Star Trek: The Next Generation" and Gordie Lachance in "Stand by Me" Wil Wheaton
13%
American former basketball player who played for the San Antonio Spurs David Robinson
11%
Actor, "The Good Doctor" "Charlie and the Chocolate Factory" "Bates Motel" Freddie Highmore
11%
American actress, "Ahsoka" "Sin City" "Men in Black II" Rosario Dawson
11%
Actress, "Eternals" "Crazy Rich Asians" "The Creator" Gemma Chan
9%
American basketball player who plays for the Los Angeles Clippers James Harden
9%
Actress best known for her role as Shuri in "Black Panther" Letita Wright
9%
Actor, best known for his role as Daredevil in the Marvel Cinematic Universe Charlie Cox
7%
Swedish ice hockey player who plays for the Washington Capitals Nicklas Bäckström
7%
Actor best known for his role as Jonathan Byers in "Stranger Things" Charlie Heaton
5%
President of Rwanda since 2000 Paul Kagame
5%
American former track and field athlete and most decorated athlete in World Athletics Championships history Allyson Felix
4%
Singer, "Beneath Your Beautiful" "Genius" "Forever" Labrinth
4%
Jamaican track and field sprinter and winner of three Olympic gold medals Shelly-Ann Fraser-Pryce
4%
No matching quizzes found
Score Distribution
Percent of People with Each Score
Percentile by Number Answered
Your Score History
You have not taken this quiz